000 00730nam a2200217Ii 4500
001 13481
003 CO-ViMGA
008 241108s9999||||xx |||||||||||||| ||und||
020 _a9589333044
040 _aCO-ViMGA
_bspa
_erda
_cCO-ViMGA
041 0 _aspa
082 0 4 _aF.FC 342.8603 - B15c
100 1 _aRafael Ballén M.
_951398
245 1 0 _aConstitución política de Colombia:
_bAntecedentes y comentarios (Constituyente y constitución del 91) Rafael Ballén M.
264 1 _aBogotá, Colombia : Jurídicas Guastavo Ibañez, 1995
300 _avolumen
336 _atext
_btxt
_2rdacontent
337 _aunmediated
_bn
_2rdamedia
338 _avolume
_bnc
_2rdacarrier
940 _aidficha_siabuc: 13183. -- ficha_no_siabuc:13481
999 _c46125
_d46125